Effective solution for Rayleigh type waves in randomly inhomogeneous medium / (Rekord nr 7362)
| 000 -ETYKIETA REKORDU | |
|---|---|
| podpole kontrolne o stałej długości | 00691naa a22001817a 4500 |
| 001 - NUMER KONTROLNY REKORDU | |
| podpole kontrolne | 7362 |
| 003 - IDENTYFIKATOR NUMERU KONTROLNEGO REKORDU | |
| podpole kontrolne | KOSZ 005 |
| 005 - DATA OSTATNIEJ MODYFIKACJI REKORDU | |
| podpole kontrolne | 20180406101658.0 |
| 008 - POLE O STAŁEJ DŁUGOŚCI - DANE KONTROLNE | |
| podpole kontrolne o stałej długości | 160225s1986 uk ||||| |||| 00| 0 eng |
| 040 ## - ŹRÓDŁO KATALOGOWANIA | |
| Instytucja, która utworzyła rekord | BPK |
| Instytucja, która dokonała modyfikacji | KOSZ 005/HR |
| 041 ## - KOD JĘZYKA | |
| Kod języka tekstu | eng |
| 080 ## - UNIWERSALNA KLASYFIKACJA DZIESIĘTNA - UKD | |
| UKD | 51 |
| 100 1# - NAZWA OSOBOWA | |
| Nazwa osobowa | HRYNIEWICZ, Zdzisław. |
| Lata pracy | 1982 - 1996. |
| Instytucja | Wyższa Szkoła Inżynierska w Koszalinie - Wydział Inżynierii Lądowej i Sanitarnej, |
| Wydział | Zakład Matematyki |
| 245 10 - TYTUŁ/ODPOWIEDZIALNOŚĆ | |
| Tytuł | Effective solution for Rayleigh type waves in randomly inhomogeneous medium / |
| Pozostałe elementy strefy tytułu i oznaczenia odpowiedzialności | Zdzisław Htyniewicz. |
| 500 ## - UWAGI OGÓLNE | |
| Tekst uwagi | Dane z kartoteki bpp. |
| 773 0# - TYTUŁ DOKUMENTU MACIERZYSTEGO | |
| Wyrażenie wprowadzające | W : |
| Tytuł | Reports of the Departament of Mathematics and Informatics. - |
| Informacje dotyczące relacji | 1986, no 86-22 |
| 942 ## - HASŁO DODATKOWE - ELEMENTY(KOHA) | |
| Typ dokumentu | Artykuł |
| Schemat klasyfikacji | Uniwersalna klasyfikacja dziesiętna |
Brak dostępnych egzemplarzy.
